Karácsonyfa-uzsora a szegedi piacon
Elmentve itt :
| Dokumentumtípus: | Cikk |
|---|---|
| Megjelent: |
1923-12-20
|
| Sorozat: | Délmagyarország
4 No. 289 |
| Kulcsszavak: | Piac Szeged 1923 |
| Online Access: | http://dmarchiv.bibl.u-szeged.hu/45352 |
| LEADER | 00407nab a2200145 i 4500 | ||
|---|---|---|---|
| 001 | delm45352 | ||
| 005 | 20180927131920.0 | ||
| 008 | 180927s1923 hu o 0|| hun d | ||
| 040 | |a SZTE Délmagyarország Archívum |b hun | ||
| 041 | |a hun | ||
| 245 | 0 | 0 | |a Karácsonyfa-uzsora a szegedi piacon |h [elektronikus dokumentum] |
| 260 | |c 1923-12-20 | ||
| 300 | |a 4 | ||
| 490 | 0 | |a Délmagyarország |v 4 No. 289 | |
| 695 | |a Piac Szeged 1923 | ||